[Event "DEM U14w 2025"]
[Site "Willingen GER"]
[Date "2025.06.14"]
[Round "9"]
[White "Eitel, Liz"]
[Black "Tu, Audrey"]
[Result "1-0"]
[Termination "normal"]
[Board "6"]
[WhiteElo "1736"]
[BlackElo "1753"]
[WhiteClock "00:53:18"]
[BlackClock "00:05:30"]
[PlyCount "141"]
[WhiteFideId "34622195"]
[BlackFideId "34628568"]
[EventCountry "GER"]
[EventRounds "9"]
[EventType "swiss"]
[EventDate "2025.06.07"]

1. e4 {[%clk 01:30:58]} {[%emt 00:00:01]} e5 {[%clk 01:30:55]} {[%emt
00:00:06]} 2. Nf3 {[%clk 01:31:25]} {[%emt 00:00:03]} Nc6 {[%clk 01:31:20]}
{[%emt 00:00:04]} 3. Nc3 {[%clk 01:31:51]} {[%emt 00:00:04]} Nf6 {[%clk
01:31:39]} {[%emt 00:00:11]} 4. Bb5 {[%clk 01:32:15]} {[%emt 00:00:06]} Bb4
{[%clk 01:30:15]} {[%emt 00:01:55]} 5. O-O {[%clk 01:32:30]} {[%emt 00:00:14]}
O-O {[%clk 01:28:18]} {[%emt 00:02:27]} 6. d3 {[%clk 01:32:52]} {[%emt
00:00:09]} d6 {[%clk 01:27:55]} {[%emt 00:00:53]} 7. Ne2 {[%clk 01:33:03]}
{[%emt 00:00:18]} a6 {[%clk 01:23:58]} {[%emt 00:04:28]} 8. Bxc6 {[%clk
01:30:01]} {[%emt 00:03:31]} bxc6 {[%clk 01:24:21]} {[%emt 00:00:08]} 9. c3
{[%clk 01:30:09]} {[%emt 00:00:21]} Bc5 {[%clk 01:18:38]} {[%emt 00:06:13]} 10.
Ng3 {[%clk 01:26:45]} {[%emt 00:03:54]} Ba7 {[%clk 01:14:38]} {[%emt 00:04:30]}
11. Re1 {[%clk 01:23:24]} {[%emt 00:03:50]} Re8 {[%clk 01:12:42]} {[%emt
00:02:27]} 12. Bg5 {[%clk 01:20:56]} {[%emt 00:02:58]} h6 {[%clk 01:10:42]}
{[%emt 00:02:30]} 13. Bh4 {[%clk 01:21:05]} {[%emt 00:00:22]} Bg4 {[%clk
00:42:52]} {[%emt 00:28:19]} 14. Bxf6 {[%clk 01:19:19]} {[%emt 00:02:15]} Qxf6
{[%clk 00:43:02]} {[%emt 00:00:21]} 15. h3 {[%clk 01:19:26]} {[%emt 00:00:24]}
Bd7 {[%clk 00:39:40]} {[%emt 00:03:52]} 16. Qe2 {[%clk 01:16:16]} {[%emt
00:03:39]} Rab8 {[%clk 00:31:50]} {[%emt 00:08:20]} 17. Rad1 {[%clk 01:14:34]}
{[%emt 00:02:11]} Rb7 {[%clk 00:28:18]} {[%emt 00:04:03]} 18. d4 {[%clk
01:11:24]} {[%emt 00:03:40]} exd4 {[%clk 00:27:41]} {[%emt 00:01:08]} 19. cxd4
{[%clk 01:11:41]} {[%emt 00:00:12]} Rb6 {[%clk 00:21:33]} {[%emt 00:06:38]} 20.
b3 {[%clk 01:00:29]} {[%emt 00:11:41]} d5 {[%clk 00:20:06]} {[%emt 00:01:59]}
21. e5 {[%clk 01:00:17]} {[%emt 00:00:41]} Qe6 {[%clk 00:18:06]} {[%emt
00:02:28]} 22. Rc1 {[%clk 00:58:45]} {[%emt 00:02:04]} Reb8 {[%clk 00:17:25]}
{[%emt 00:01:11]} 23. Nh5 {[%clk 00:51:48]} {[%emt 00:07:27]} Rb5 {[%clk
00:11:02]} {[%emt 00:06:54]} 24. Qe3 {[%clk 00:46:37]} {[%emt 00:05:39]} Qe7
{[%clk 00:10:18]} {[%emt 00:01:15]} 25. Qf4 {[%clk 00:43:04]} {[%emt 00:04:03]}
Kh7 {[%clk 00:07:57]} {[%emt 00:02:52]} 26. Qg3 {[%clk 00:42:59]} {[%emt
00:00:34]} Qf8 {[%clk 00:07:42]} {[%emt 00:00:43]} 27. Rc2 {[%clk 00:42:00]}
{[%emt 00:01:32]} c5 {[%clk 00:07:20]} {[%emt 00:00:52]} 28. Rec1 {[%clk
00:41:23]} {[%emt 00:01:06]} cxd4 {[%clk 00:05:57]} {[%emt 00:01:54]} 29. Rxc7
{[%clk 00:41:16]} {[%emt 00:00:36]} R5b7 {[%clk 00:06:20]} {[%emt 00:00:07]}
30. Nf4 {[%clk 00:36:18]} {[%emt 00:05:28]} Bb6 {[%clk 00:05:11]} {[%emt
00:01:39]} 31. Rxb7 {[%clk 00:36:25]} {[%emt 00:00:22]} Rxb7 {[%clk 00:05:32]}
{[%emt 00:00:10]} 32. Nxd5 {[%clk 00:36:21]} {[%emt 00:00:34]} Ba7 {[%clk
00:04:37]} {[%emt 00:01:25]} 33. Nxd4 {[%clk 00:36:10]} {[%emt 00:00:42]} Bxd4
{[%clk 00:03:30]} {[%emt 00:01:36]} 34. Qd3+ {[%clk 00:36:32]} {[%emt
00:00:08]} Kh8 {[%clk 00:03:31]} {[%emt 00:00:29]} 35. Qxd4 {[%clk 00:36:44]}
{[%emt 00:00:18]} Be6 {[%clk 00:03:21]} {[%emt 00:00:41]} 36. Nf4 {[%clk
00:35:19]} {[%emt 00:01:54]} Bf5 {[%clk 00:02:42]} {[%emt 00:01:10]} 37. g4
{[%clk 00:33:12]} {[%emt 00:02:36]} Qa3 {[%clk 00:01:10]} {[%emt 00:02:02]} 38.
Qc5 {[%clk 00:32:00]} {[%emt 00:01:41]} Qxc5 {[%clk 00:01:07]} {[%emt
00:00:35]} 39. Rxc5 {[%clk 00:32:24]} {[%emt 00:00:05]} Bb1 {[%clk 00:01:01]}
{[%emt 00:00:36]} 40. Ra5 {[%clk 00:32:33]} {[%emt 00:00:21]} Rb6 {[%clk
00:01:19]} {[%emt 00:00:13]} 41. Nd5 {[%clk 00:32:12]} {[%emt 00:00:51]} Rb5
{[%clk 00:20:37]} {[%emt 00:11:12]} 42. Rxb5 {[%clk 01:02:26]} {[%emt
00:00:15]} axb5 {[%clk 00:21:02]} {[%emt 00:00:05]} 43. a3 {[%clk 01:02:39]}
{[%emt 00:00:17]} Ba2 {[%clk 00:20:24]} {[%emt 00:01:08]} 44. Nc3 {[%clk
01:02:40]} {[%emt 00:00:28]} Bxb3 {[%clk 00:19:51]} {[%emt 00:01:04]} 45. Nxb5
{[%clk 01:02:57]} {[%emt 00:00:13]} Bd5 {[%clk 00:18:10]} {[%emt 00:02:11]} 46.
a4 {[%clk 01:02:34]} {[%emt 00:00:53]} Bc6 {[%clk 00:16:02]} {[%emt 00:02:36]}
47. Kh2 {[%clk 01:01:12]} {[%emt 00:01:53]} Kg8 {[%clk 00:11:00]} {[%emt
00:05:32]} 48. Kg3 {[%clk 01:01:38]} {[%emt 00:00:05]} Kf8 {[%clk 00:10:39]}
{[%emt 00:00:51]} 49. h4 {[%clk 01:01:32]} {[%emt 00:00:36]} Ke7 {[%clk
00:10:14]} {[%emt 00:00:55]} 50. Kf4 {[%clk 01:01:34]} {[%emt 00:00:28]} g6
{[%clk 00:08:23]} {[%emt 00:02:21]} 51. Ke3 {[%clk 00:56:25]} {[%emt 00:05:39]}
Kd7 {[%clk 00:05:34]} {[%emt 00:03:20]} 52. f4 {[%clk 00:55:26]} {[%emt
00:01:29]} Ke7 {[%clk 00:05:08]} {[%emt 00:00:56]} 53. Kd4 {[%clk 00:54:08]}
{[%emt 00:01:47]} Ke6 {[%clk 00:05:01]} {[%emt 00:00:36]} 54. Kc5 {[%clk
00:53:23]} {[%emt 00:01:15]} Kd7 {[%clk 00:05:01]} {[%emt 00:00:30]} 55. a5
{[%clk 00:53:03]} {[%emt 00:00:51]} Bf3 {[%clk 00:03:55]} {[%emt 00:01:36]} 56.
g5 {[%clk 00:52:02]} {[%emt 00:01:31]} hxg5 {[%clk 00:02:12]} {[%emt 00:02:13]}
57. hxg5 {[%clk 00:52:12]} {[%emt 00:00:20]} Bb7 {[%clk 00:02:06]} {[%emt
00:00:36]} 58. Nd6 {[%clk 00:52:28]} {[%emt 00:00:14]} Ba6 {[%clk 00:02:09]}
{[%emt 00:00:27]} 59. Nxf7 {[%clk 00:52:04]} {[%emt 00:00:54]} Ke7 {[%clk
00:02:16]} {[%emt 00:00:23]} 60. Nd6 {[%clk 00:51:43]} {[%emt 00:00:51]} Kd7
{[%clk 00:02:33]} {[%emt 00:00:13]} 61. Kb6 {[%clk 00:51:39]} {[%emt 00:00:33]}
Bd3 {[%clk 00:02:29]} {[%emt 00:00:35]} 62. a6 {[%clk 00:51:44]} {[%emt
00:00:25]} Bxa6 {[%clk 00:02:41]} {[%emt 00:00:18]} 63. Kxa6 {[%clk 00:52:09]}
{[%emt 00:00:04]} Ke6 {[%clk 00:03:05]} {[%emt 00:00:06]} 64. Kb6 {[%clk
00:52:22]} {[%emt 00:00:18]} Ke7 {[%clk 00:03:18]} {[%emt 00:00:17]} 65. Kc7
{[%clk 00:52:41]} {[%emt 00:00:10]} Ke6 {[%clk 00:03:39]} {[%emt 00:00:10]} 66.
Kd8 {[%clk 00:52:44]} {[%emt 00:00:26]} Kd5 {[%clk 00:03:58]} {[%emt 00:00:12]}
67. Kd7 {[%clk 00:52:54]} {[%emt 00:00:20]} Kc5 {[%clk 00:04:17]} {[%emt
00:00:11]} 68. e6 {[%clk 00:53:19]} {[%emt 00:00:05]} Kd5 {[%clk 00:04:41]}
{[%emt 00:00:07]} 69. e7 {[%clk 00:53:35]} {[%emt 00:00:14]} Kc5 {[%clk
00:05:07]} {[%emt 00:00:03]} 70. e8=Q {[%clk 00:53:35]} {[%emt 00:00:29]} Kd5
{[%clk 00:05:30]} {[%emt 00:00:07]} 71. Qe5# {[%clk 00:53:18]} {[%emt
00:00:13]} 1-0

[Event "DEM U14w 2025"]
[Site "Willingen GER"]
[Date "2025.06.14"]
[Round "9"]
[White "Fettan, Nua"]
[Black "Mehner, Clara"]
[Result "0-1"]
[Termination "normal"]
[Board "7"]
[WhiteElo "1576"]
[BlackElo "1643"]
[WhiteClock "00:29:53"]
[BlackClock "00:27:13"]
[PlyCount "84"]
[WhiteFideId "34637362"]
[BlackFideId "34612165"]
[EventCountry "GER"]
[EventRounds "9"]
[EventType "swiss"]
[EventDate "2025.06.07"]

1. e4 {[%clk 01:30:57]} {[%emt 00:00:02]} e6 {[%clk 01:30:55]} {[%emt
00:00:06]} 2. Nc3 {[%clk 01:31:23]} {[%emt 00:00:05]} d5 {[%clk 01:31:13]}
{[%emt 00:00:11]} 3. Nf3 {[%clk 01:31:46]} {[%emt 00:00:07]} Nf6 {[%clk
01:30:19]} {[%emt 00:01:25]} 4. e5 {[%clk 01:32:09]} {[%emt 00:00:06]} Nfd7
{[%clk 01:30:26]} {[%emt 00:00:23]} 5. Ne2 {[%clk 01:32:26]} {[%emt 00:00:13]}
c5 {[%clk 01:29:17]} {[%emt 00:01:39]} 6. c3 {[%clk 01:32:48]} {[%emt
00:00:09]} Nc6 {[%clk 01:26:11]} {[%emt 00:03:35]} 7. d4 {[%clk 01:33:04]}
{[%emt 00:00:15]} Be7 {[%clk 01:24:24]} {[%emt 00:02:17]} 8. a3 {[%clk
01:32:59]} {[%emt 00:00:35]} O-O {[%clk 01:20:12]} {[%emt 00:04:41]} 9. Nf4
{[%clk 01:31:02]} {[%emt 00:02:27]} Re8 {[%clk 00:58:37]} {[%emt 00:22:05]} 10.
Bd3 {[%clk 01:20:42]} {[%emt 00:10:50]} Nf8 {[%clk 00:56:53]} {[%emt 00:02:15]}
11. h4 {[%clk 01:17:20]} {[%emt 00:03:52]} cxd4 {[%clk 00:51:59]} {[%emt
00:05:23]} 12. cxd4 {[%clk 01:14:42]} {[%emt 00:03:08]} f6 {[%clk 00:45:28]}
{[%emt 00:07:01]} 13. Qc2 {[%clk 00:52:11]} {[%emt 00:22:57]} Bd7 {[%clk
00:36:10]} {[%emt 00:09:51]} 14. Be3 {[%clk 00:42:53]} {[%emt 00:09:49]} Rc8
{[%clk 00:33:56]} {[%emt 00:02:44]} 15. Qb1 {[%clk 00:40:50]} {[%emt 00:02:33]}
Na5 {[%clk 00:31:58]} {[%emt 00:02:28]} 16. b4 {[%clk 00:39:57]} {[%emt
00:01:23]} Nc4 {[%clk 00:31:06]} {[%emt 00:01:22]} 17. Bxc4 {[%clk 00:35:53]}
{[%emt 00:04:34]} Rxc4 {[%clk 00:27:52]} {[%emt 00:03:44]} 18. Nd2 {[%clk
00:34:22]} {[%emt 00:02:00]} Rc8 {[%clk 00:26:37]} {[%emt 00:01:45]} 19. Nd3
{[%clk 00:31:53]} {[%emt 00:02:59]} b6 {[%clk 00:25:23]} {[%emt 00:01:45]} 20.
g3 {[%clk 00:29:47]} {[%emt 00:02:36]} Ba4 {[%clk 00:23:59]} {[%emt 00:01:54]}
21. Nb3 {[%clk 00:25:09]} {[%emt 00:05:07]} Rc3 {[%clk 00:21:14]} {[%emt
00:03:15]} 22. Ndc1 {[%clk 00:25:28]} {[%emt 00:00:12]} Qc7 {[%clk 00:20:12]}
{[%emt 00:01:32]} 23. O-O {[%clk 00:22:30]} {[%emt 00:03:27]} Rc8 {[%clk
00:15:37]} {[%emt 00:05:05]} 24. Bd2 {[%clk 00:21:47]} {[%emt 00:01:13]} Rc2
{[%clk 00:14:43]} {[%emt 00:01:24]} 25. Ra2 {[%emt 00:01:54]} Rc4 {[%clk
00:09:25]} {[%emt 00:05:45]} 26. Re1 {[%clk 00:17:24]} {[%emt 00:03:32]} fxe5
{[%clk 00:07:12]} {[%emt 00:02:44]} 27. dxe5 {[%clk 00:16:35]} {[%emt
00:01:19]} Qd8 {[%clk 00:05:08]} {[%emt 00:02:34]} 28. Ne2 {[%clk 00:11:22]}
{[%emt 00:05:43]} Ng6 {[%clk 00:04:03]} {[%emt 00:01:35]} 29. Bf4 {[%clk
00:08:59]} {[%emt 00:02:52]} Nxf4 {[%clk 00:02:33]} {[%emt 00:02:00]} 30. Nxf4
{[%clk 00:08:57]} {[%emt 00:00:31]} Qd7 {[%clk 00:02:29]} {[%emt 00:00:35]} 31.
Rb2 {[%clk 00:07:25]} {[%emt 00:02:01]} R8c7 {[%clk 00:01:33]} {[%emt
00:01:27]} 32. Nc1 {[%clk 00:03:56]} {[%emt 00:03:58]} Bxh4 {[%clk 00:01:08]}
{[%emt 00:00:57]} 33. Kg2 {[%clk 00:02:14]} {[%emt 00:02:11]} Bg5 {[%clk
00:01:08]} {[%emt 00:00:31]} 34. Qa1 {[%clk 00:00:35]} {[%emt 00:02:09]} Bxf4
{[%clk 00:01:04]} {[%emt 00:00:34]} 35. gxf4 {[%clk 00:00:57]} {[%emt
00:00:07]} Rxf4 {[%clk 00:01:27]} {[%emt 00:00:07]} 36. Nd3 {[%clk 00:01:07]}
{[%emt 00:00:20]} Rf5 {[%clk 00:01:13]} {[%emt 00:00:44]} 37. Rh1 {[%clk
00:00:59]} {[%emt 00:00:38]} Qf7 {[%clk 00:01:16]} {[%emt 00:00:27]} 38. Qe1
{[%clk 00:00:37]} {[%emt 00:00:50]} Qg6+ {[%clk 00:01:08]} {[%emt 00:00:41]}
39. Kf1 {[%clk 00:00:50]} {[%emt 00:00:16]} Bb5 {[%clk 00:01:14]} {[%emt
00:00:24]} 40. Rd2 {[%clk 00:00:54]} {[%emt 00:00:26]} Rf3 {[%clk 00:01:15]}
{[%emt 00:00:29]} 41. Rg1 {[%clk 00:00:43]} {[%emt 00:00:41]} Bxd3+ {[%clk
00:26:58]} {[%emt 00:04:47]} 42. Rxd3 {[%clk 00:29:53]} {[%emt 00:01:20]} Qxd3+
{[%clk 00:27:13]} {[%emt 00:00:14]} 0-1

[Event "DEM U14w 2025"]
[Site "Willingen GER"]
[Date "2025.06.14"]
[Round "9"]
[White "Rafikova, Ailin"]
[Black "Albrecht, Sidney Jenna"]
[Result "1/2-1/2"]
[Termination "normal"]
[Board "8"]
[WhiteElo "1773"]
[BlackElo "1504"]
[WhiteClock "00:05:23"]
[BlackClock "00:17:19"]
[PlyCount "109"]
[WhiteFideId "34612173"]
[BlackFideId "34660283"]
[EventCountry "GER"]
[EventRounds "9"]
[EventType "swiss"]
[EventDate "2025.06.07"]

1. e4 {[%clk 01:30:59]} c5 {[%clk 01:30:55]} {[%emt 00:00:05]} 2. Nc3 {[%clk
01:31:24]} {[%emt 00:00:04]} Nc6 {[%clk 01:31:20]} {[%emt 00:00:06]} 3. g3
{[%clk 01:31:51]} {[%emt 00:00:03]} g6 {[%clk 01:31:44]} {[%emt 00:00:07]} 4.
Bg2 {[%clk 01:32:17]} {[%emt 00:00:03]} Bg7 {[%clk 01:32:09]} {[%emt 00:00:05]}
5. d3 {[%clk 01:32:40]} {[%emt 00:00:07]} d6 {[%clk 01:32:33]} {[%emt
00:00:05]} 6. Be3 {[%clk 01:32:56]} {[%emt 00:00:15]} Qa5 {[%clk 01:32:45]}
{[%emt 00:00:18]} 7. Qd2 {[%clk 01:32:17]} {[%emt 00:01:09]} Nd4 {[%clk
01:32:43]} {[%emt 00:00:32]} 8. Nd5 {[%clk 01:26:50]} {[%emt 00:05:57]} Nxc2+
{[%clk 01:25:26]} {[%emt 00:07:47]} 9. Ke2 {[%clk 01:18:39]} {[%emt 00:08:40]}
Qxd2+ {[%clk 01:23:47]} {[%emt 00:02:09]} 10. Kxd2 {[%clk 01:15:40]} {[%emt
00:03:29]} Nxa1 {[%clk 01:22:02]} {[%emt 00:02:16]} 11. Nc7+ {[%clk 01:15:54]}
{[%emt 00:00:16]} Kd8 {[%clk 01:22:07]} {[%emt 00:00:25]} 12. Nxa8 {[%clk
01:16:07]} {[%emt 00:00:16]} Bxb2 {[%clk 01:16:43]} {[%emt 00:05:55]} 13. Ne2
{[%clk 01:14:33]} {[%emt 00:02:03]} b6 {[%clk 01:11:38]} {[%emt 00:05:36]} 14.
Rb1 {[%clk 01:02:02]} {[%emt 00:13:00]} Bg7 {[%clk 01:08:08]} {[%emt 00:04:01]}
15. d4 {[%clk 00:51:25]} {[%emt 00:11:06]} Bb7 {[%clk 01:03:56]} {[%emt
00:04:43]} 16. Nxb6 {[%clk 00:50:22]} {[%emt 00:01:33]} axb6 {[%clk 01:04:07]}
{[%emt 00:00:20]} 17. Rxb6 {[%clk 00:48:55]} {[%emt 00:01:55]} Kc7 {[%clk
01:02:11]} {[%emt 00:02:27]} 18. Rb1 {[%clk 00:46:34]} {[%emt 00:02:49]} Nf6
{[%clk 01:00:09]} {[%emt 00:02:33]} 19. f3 {[%clk 00:42:30]} {[%emt 00:04:34]}
Ra8 {[%clk 00:55:27]} {[%emt 00:05:13]} 20. Rxa1 {[%clk 00:42:28]} {[%emt
00:00:31]} cxd4 {[%clk 00:53:03]} {[%emt 00:02:55]} 21. Bxd4 {[%clk 00:40:58]}
{[%emt 00:01:59]} Bh6+ {[%clk 00:50:28]} {[%emt 00:03:06]} 22. Ke1 {[%clk
00:39:33]} {[%emt 00:01:54]} d5 {[%clk 00:46:24]} {[%emt 00:04:35]} 23. e5
{[%clk 00:36:59]} {[%emt 00:03:02]} Nd7 {[%clk 00:45:19]} {[%emt 00:01:36]} 24.
f4 {[%clk 00:36:29]} {[%emt 00:01:00]} e6 {[%clk 00:43:14]} {[%emt 00:02:35]}
25. Nc3 {[%clk 00:34:33]} {[%emt 00:02:26]} Ba6 {[%clk 00:41:23]} {[%emt
00:02:21]} 26. Rc1 {[%clk 00:29:27]} {[%emt 00:05:36]} Kd8 {[%clk 00:39:34]}
{[%emt 00:02:18]} 27. Bf1 {[%clk 00:25:46]} {[%emt 00:04:11]} Bxf1 {[%clk
00:37:02]} {[%emt 00:03:03]} 28. Kxf1 {[%clk 00:26:09]} {[%emt 00:00:07]} Bf8
{[%clk 00:36:18]} {[%emt 00:01:14]} 29. Rc2 {[%clk 00:24:36]} {[%emt 00:02:02]}
Ra5 {[%clk 00:32:24]} {[%emt 00:04:25]} 30. Ke2 {[%clk 00:23:00]} {[%emt
00:02:05]} Bc5 {[%clk 00:29:41]} {[%emt 00:03:14]} 31. Kd3 {[%clk 00:18:55]}
{[%emt 00:04:35]} Bxd4 {[%clk 00:25:51]} {[%emt 00:04:20]} 32. Kxd4 {[%clk
00:19:16]} {[%emt 00:00:08]} Rc5 {[%clk 00:24:08]} {[%emt 00:02:14]} 33. Kd3
{[%clk 00:17:18]} {[%emt 00:02:29]} Kc8 {[%clk 00:21:35]} {[%emt 00:03:02]} 34.
Nb5 {[%clk 00:12:03]} {[%emt 00:05:45]} Rxc2 {[%clk 00:19:43]} {[%emt
00:02:22]} 35. Kxc2 {[%clk 00:12:28]} {[%emt 00:00:04]} f5 {[%clk 00:16:57]}
{[%emt 00:03:16]} 36. exf6 {[%clk 00:08:57]} {[%emt 00:04:03]} Nxf6 {[%clk
00:16:52]} {[%emt 00:00:34]} 37. Nd4 {[%clk 00:08:20]} {[%emt 00:01:07]} Kd7
{[%clk 00:15:16]} {[%emt 00:02:07]} 38. Kc3 {[%clk 00:07:18]} {[%emt 00:01:31]}
Ne8 {[%clk 00:12:40]} {[%emt 00:03:05]} 39. Kb4 {[%clk 00:06:27]} {[%emt
00:01:20]} Nc7 {[%clk 00:11:15]} {[%emt 00:01:57]} 40. Nf3 {[%clk 00:05:05]}
{[%emt 00:01:52]} Kd6 {[%clk 00:04:50]} {[%emt 00:06:55]} 41. a4 {[%clk
00:03:10]} {[%emt 00:02:25]} Kc6 {[%clk 00:02:21]} {[%emt 00:02:59]} 42. Ng5
{[%clk 00:01:02]} {[%emt 00:02:37]} h6 {[%clk 00:29:55]} {[%emt 00:02:57]} 43.
Nf7 {[%clk 00:29:49]} {[%emt 00:01:42]} h5 {[%clk 00:28:30]} {[%emt 00:01:56]}
44. Ne5+ {[%clk 00:29:56]} {[%emt 00:00:23]} Kd6 {[%clk 00:28:21]} {[%emt
00:00:38]} 45. Nxg6 {[%clk 00:29:17]} {[%emt 00:01:09]} Na6+ {[%clk 00:26:51]}
{[%emt 00:02:01]} 46. Kb5 {[%clk 00:27:21]} {[%emt 00:02:26]} Nc7+ {[%clk
00:24:51]} {[%emt 00:02:31]} 47. Kb4 {[%clk 00:26:56]} {[%emt 00:00:53]} Na6+
{[%clk 00:24:33]} {[%emt 00:00:50]} 48. Kc3 {[%clk 00:26:45]} {[%emt 00:00:39]}
Kc5 {[%clk 00:23:31]} {[%emt 00:01:33]} 49. Nf8 {[%clk 00:26:27]} {[%emt
00:00:48]} d4+ {[%clk 00:22:54]} {[%emt 00:01:07]} 50. Kd2 {[%clk 00:24:06]}
{[%emt 00:02:50]} Kd5 {[%clk 00:21:17]} {[%emt 00:02:08]} 51. Nh7 {[%clk
00:23:20]} {[%emt 00:01:14]} Kc4 {[%clk 00:19:35]} {[%emt 00:02:13]} 52. Nf6
{[%clk 00:20:49]} {[%emt 00:03:00]} Nc5 {[%clk 00:18:34]} {[%emt 00:01:33]} 53.
a5 {[%clk 00:19:57]} {[%emt 00:01:23]} Nb3+ {[%clk 00:18:04]} {[%emt 00:00:59]}
54. Kd1 {[%clk 00:19:32]} {[%emt 00:00:54]} Nxa5 {[%clk 00:17:19]} {[%emt
00:01:16]} 55. Ne4 {[%clk 00:05:23]} {[%emt 00:14:38]} 1/2-1/2

[Event "DEM U14w 2025"]
[Site "Willingen GER"]
[Date "2025.06.14"]
[Round "9"]
[White "Margaryan, Mane"]
[Black "Rössling, Laura Marie"]
[Result "0-1"]
[Termination "normal"]
[Board "9"]
[WhiteElo "1519"]
[BlackElo "1760"]
[WhiteClock "00:05:06"]
[BlackClock "00:10:31"]
[PlyCount "70"]
[WhiteFideId "16268237"]
[BlackFideId "16289471"]
[EventCountry "GER"]
[EventRounds "9"]
[EventType "swiss"]
[EventDate "2025.06.07"]

1. d4 {[%clk 01:30:59]} d5 {[%clk 01:30:46]} {[%emt 00:00:15]} 2. c4 {[%clk
01:31:24]} {[%emt 00:00:05]} e6 {[%clk 01:31:08]} {[%emt 00:00:07]} 3. Nc3
{[%clk 01:31:49]} {[%emt 00:00:05]} Nf6 {[%clk 01:31:30]} {[%emt 00:00:08]} 4.
cxd5 {[%clk 01:32:15]} {[%emt 00:00:05]} exd5 {[%emt 00:00:27]} 5. Bg5 {[%clk
01:32:37]} {[%emt 00:00:06]} Be7 {[%clk 01:31:54]} {[%emt 00:00:11]} 6. Nf3
{[%clk 01:33:01]} {[%emt 00:00:06]} O-O {[%clk 01:31:53]} {[%emt 00:00:31]} 7.
e3 {[%clk 01:32:28]} {[%emt 00:01:03]} Nbd7 {[%clk 01:31:28]} {[%emt 00:00:55]}
8. Bd3 {[%clk 01:31:18]} {[%emt 00:01:40]} Re8 {[%clk 01:31:37]} {[%emt
00:00:21]} 9. Qc2 {[%clk 01:30:32]} {[%emt 00:01:16]} Nf8 {[%clk 01:30:54]}
{[%emt 00:01:13]} 10. Ne5 {[%clk 01:29:56]} {[%emt 00:01:06]} Be6 {[%clk
01:26:47]} {[%emt 00:04:36]} 11. O-O {[%clk 01:25:44]} {[%emt 00:04:43]} c6
{[%clk 01:21:32]} {[%emt 00:05:45]} 12. f4 {[%clk 01:18:25]} {[%emt 00:07:48]}
Nh5 {[%clk 01:10:28]} {[%emt 00:11:35]} 13. Bxe7 {[%clk 01:15:05]} {[%emt
00:03:49]} Rxe7 {[%clk 01:05:49]} {[%emt 00:05:10]} 14. Qe2 {[%clk 01:07:42]}
{[%emt 00:07:53]} Nf6 {[%clk 01:03:40]} {[%emt 00:02:39]} 15. h3 {[%clk
01:06:41]} {[%emt 00:01:31]} Bd7 {[%clk 00:55:34]} {[%emt 00:08:35]} 16. g4
{[%clk 00:55:40]} {[%emt 00:11:31]} Ne8 {[%clk 00:47:28]} {[%emt 00:08:37]} 17.
Qg2 {[%clk 00:49:14]} {[%emt 00:06:55]} f6 {[%clk 00:44:26]} {[%emt 00:03:32]}
18. Nxd7 {[%clk 00:47:20]} {[%emt 00:02:24]} Qxd7 {[%clk 00:43:41]} {[%emt
00:01:15]} 19. Rae1 {[%clk 00:47:11]} {[%emt 00:00:40]} Nd6 {[%clk 00:42:24]}
{[%emt 00:01:46]} 20. a3 {[%clk 00:40:31]} {[%emt 00:07:10]} Rae8 {[%clk
00:38:28]} {[%emt 00:04:26]} 21. Rf3 {[%clk 00:37:55]} {[%emt 00:03:06]} Ne6
{[%clk 00:35:16]} {[%emt 00:03:42]} 22. Qc2 {[%clk 00:35:42]} {[%emt 00:02:43]}
Nxd4 {[%clk 00:32:21]} {[%emt 00:03:25]} 23. Bxh7+ {[%clk 00:30:13]} {[%emt
00:05:59]} Kh8 {[%clk 00:30:14]} {[%emt 00:02:38]} 24. exd4 {[%clk 00:30:14]}
{[%emt 00:00:29]} Rxe1+ {[%clk 00:29:34]} {[%emt 00:01:09]} 25. Kf2 {[%clk
00:29:24]} {[%emt 00:01:20]} c5 {[%clk 00:22:39]} {[%emt 00:07:26]} 26. Bd3
{[%clk 00:23:28]} {[%emt 00:06:26]} R1e6 {[%clk 00:17:24]} {[%emt 00:05:44]}
27. dxc5 {[%clk 00:21:54]} {[%emt 00:02:04]} Ne4+ {[%clk 00:17:09]} {[%emt
00:00:46]} 28. Kg2 {[%clk 00:21:08]} {[%emt 00:01:15]} Nxc3 {[%clk 00:16:27]}
{[%emt 00:01:12]} 29. Qxc3 {[%clk 00:19:21]} {[%emt 00:02:17]} d4 {[%clk
00:13:21]} {[%emt 00:03:37]} 30. Qb3 {[%clk 00:17:20]} {[%emt 00:02:31]} Re3
{[%clk 00:12:39]} {[%emt 00:01:12]} 31. Rxe3 {[%clk 00:14:54]} {[%emt
00:02:55]} Rxe3 {[%clk 00:12:29]} {[%emt 00:00:39]} 32. Qc4 {[%clk 00:12:41]}
{[%emt 00:02:44]} Qc6+ {[%clk 00:11:42]} {[%emt 00:01:18]} 33. Kg1 {[%clk
00:09:49]} {[%emt 00:03:21]} Qf3 {[%clk 00:09:58]} {[%emt 00:02:15]} 34. Qc2
{[%clk 00:04:56]} {[%emt 00:05:23]} Re1+ {[%clk 00:10:07]} {[%emt 00:00:20]}
35. Kh2 {[%clk 00:05:06]} {[%emt 00:00:20]} Rh1# {[%clk 00:10:31]} {[%emt
00:00:06]} 0-1